| 000 | 03371nam a22003977a 4500 | ||
|---|---|---|---|
| 005 | 2012011809409.0 | ||
| 010 | _aB-482508-523 | ||
| 020 |
_a9788128622250 _c75.00 |
||
| 035 | _aB-482508-523 | ||
| 037 |
_adpl _bBlue Berry/Ven |
||
| 082 | _aS | ||
| 100 |
_aBlyton, Enid _953192 |
||
| 245 |
_aNoddy Mr Sparks's alert fire engine _cby Enid Blyton |
||
| 260 |
_aMumbai: _bEuro Books, _c2009 |
||
| 270 |
_a158, Vidyanagari Marg, Kalina, Santacruz (E) _bMumbai _e400098 |
||
| 300 |
_a26 p. _bill(col) _c26cm (Pbk) |
||
| 490 |
_aLarge print reader _953193 |
||
| 942 |
_2ddc _cEN _hS _mBLY |
||
| 999 |
_c61123 _d61123 |
||